000 02004cam a22001694a 4500
999 _c1923
_d1923
020 _a0072289627
050 0 0 _aHB171.5
_b.F734
100 1 _aFrank, Robert H.
245 1 0 _aPrinciples of economics /
_cRobert H. Frank, Ben S. Bernanke.
260 _aBoston, Mass. :
_bMcGraw-Hill/Irwin,
_c2001.
300 _axl, 834, G-9, I-22 p. :
_bill. (some col.) ;
_c29 cm.
500 _aIncludes index.
505 _aPart I: Introduction Chapter 1: Thinking Like an Economist Chapter 2: Comparative Advantage Chapter 3: Supply and Demand Part II. Competition and the Invisible Hand Chapter 4: Elasticity Chapter 5: Demand Chapter 6: Perfectly Competitive Supply Chapter 7: Efficiency and Exchange Chapter 8:The Invisible Hand in Action Part III. Market Imperfections Chapter 9: Monopoly, Oligopoly and Monopolistic Competition Chapter 10: Games and Strategic Behavior Chapter 11: Externalities and Property Rights Chapter 12: The Economics of Information Part IV. Economics of Public Policy Chapter 13: Labor Markets, Poverty and Income Distribution Chapter 14: The Environment, Health and Safety Chapter 15: Public Goods and Tax Policy Part V. Macroeconomics: Data and Issues Chapter 16. Spending, Income and GDP Chapter 17: Inflation and the Price Level Chapter 18: Wages and Unemployment Part VI. The Economy in the Long Run Chapter 19: Economic Growth Chapter 20: Saving, Capital Formation and Financial Markets Chapter 21: The Financial System, Money and Prices Part VII. The Economy in the Short Run Chapter 22: Short-Term Fluctuations Chapter 23: Spending and Output in the Short Run Chapter 24: Stabilizing the Economy: The Role of the Federal Reserve Chapter 25: Aggregate Demand and Aggregate Supply Chapter 26: Macroeconomic Policy Part VIII. The International Economy Chapter 27: Exchange Rates and the Open Economy Chapter 28: International Trade and Capital Flows
650 0 _aEconomics.
700 1 _aBernanke, Ben.
942 _cBK